LEADER 01704nam0 22003973i 450 001 SBL0360596 005 20251003044353.0 020 $aIT$b721600 100 $a19990129d1971 ||||0itac50 ba 101 | $aita 102 $ait 181 1$6z01$ai $bxxxe 182 1$6z01$an 183 1$6z01$anc$2RDAcarrier 200 1 $aˆLa ‰politica fiscale$fa cura di Antonio Pedone 210 $aBologna$cIl mulino$d1971 215 $a245 p.$d22 cm 225 | $aProblemi e prospettive$i. Serie di economia 300 $aScritti di vari. 410 0$1001CFI0084745$12001 $aProblemi e prospettive$i. Serie di economia 606 $aPolitica fiscale$xItalia$2FIR$3MILC278084$9E 676 $a336.2$9TASSE E TASSAZIONE$v21 676 $a336.3$9PRESTITO PUBBLICO, DEBITO PUBBLICO, SPESA PUBBLICA, POLITICA TRIBUTARIA$v20 676 $a336.3$9$v21 676 $a336.3$9DEBITO PUBBLICO E SPESA PUBBLICA$v23 676 $a339.52$9POLITICA MACROECONOMICA. USO DELLA POLITICA TRIBUTARIA$v21 702 1$aPedone$b, Antonio$3CFIV020989 801 3$aIT$bIT-000000$c19990129 850 $aIT-BN0095 $aIT-NA0603 $aIT-NA0079 901 $bNAP 09$cS. LETTURA$n$ 901 $bNAP 01$cPOZZO LIB.$nVi sono collocati fondi di economia, periodici di ingegneria e scienze, periodici di economia e statistica e altri fondi comprendenti documenti di economia pervenuti in dono. 912 $aSBL0360596 950 0$aBiblioteca Centralizzata di Ateneo$c1 v.$d 01POZZO LIB.F. PARRAVICINI 350$e 0101 0600161575E VMA 1 v.$fB $h20221024$i20221024 977 $a 01$a 09$a BN 996 $aPolitica fiscale$960089 997 $aUNISANNIO